[Event "Mondiale Lampo FIDE 2019"]
[Site "Mosca"]
[Date "29.12.2019"]
[Round "12.51"]
[White "Bocharov, Dmitry"]
[Black "Ruck, Robert"]
[Result "1-0"]
[WhiteTitle "GM"]
[BlackTitle "GM"]
[WhiteElo "2524"]
[BlackElo "2530"]
[WhiteFideId "4138716"]
[BlackFideId "705713"]
[EventDate "2019.12.29"]

1. c4 e5 2. d3 Nf6 3. Nf3 Bb4+ 4. Nbd2 d6 5. a3 Bxd2+ 6. Bxd2 O-O 7. e4 c5 8.
Be2 Nc6 9. h3 Ne8 10. b4 b6 11. O-O f5 12. exf5 Bxf5 13. Be3 Nc7 14. Ng5 Ne6 15.
Nxe6 Bxe6 16. Bf3 Qd7 17. b5 Ne7 18. Bxa8 Rxa8 19. a4 Rf8 20. f4 Nf5 21. Qf3
exf4 22. Qxf4 Rf6 23. Bd2 h6 24. Bc3 Rg6 25. Rae1 Ng3 26. Rf3 Nh5 27. Qh4 Bf7
28. Re7 Qd8 29. Rfxf7 1-0

[Event "Mondiale Lampo FIDE 2019"]
[Site "Mosca"]
[Date "29.12.2019"]
[Round "12.52"]
[White "Murzin, Volodar"]
[Black "Salgado Lopez, Ivan"]
[Result "1/2-1/2"]
[WhiteTitle "IM"]
[BlackTitle "GM"]
[WhiteElo "2442"]
[BlackElo "2605"]
[WhiteFideId "44155573"]
[BlackFideId "2257327"]
[EventDate "2019.12.29"]

1. e4 e5 2. Nf3 Nc6 3. Bb5 Nge7 4. O-O Ng6 5. d4 exd4 6. Nxd4 Bc5 7. Nf5 O-O 8.
Nc3 d6 9. Bxc6 bxc6 10. Na4 Bb6 11. Nxb6 axb6 12. Qd4 Bxf5 13. exf5 Ne5 14. Bf4
Qf6 15. Bxe5 Qxe5 16. Qxe5 dxe5 17. Rfd1 Rfd8 18. Kf1 Kf8 19. a3 Ke7 20. Ke2
Rxd1 21. Rxd1 h5 22. Ke3 Ra4 23. g3 c5 24. c3 c6 25. f3 b5 26. Kd3 Kf6 27. Ke3
Kxf5 28. Rd6 Ra6 29. h3 f6 30. g4+ hxg4 31. hxg4+ Kg5 32. Ke4 g6 33. Re6 b4 34.
axb4 cxb4 35. cxb4 Rb6 36. Ke3 Rxb4 37. Rxc6 Rxb2 38. Ra6 Rb3+ 39. Kf2 f5 40.
gxf5 gxf5 41. Ra4 Rb2+ 42. Kf1 f4 43. Ra8 Kf5 44. Rf8+ Ke6 45. Rd8 Ra2 46. Rd1
e4 47. fxe4 Ke5 48. Rd3 Kxe4 49. Rb3 Kf5 50. Rc3 Kg4 51. Rb3 Rd2 52. Rc3 Rh2 53.
Rb3 Kf5 54. Ra3 Ke4 55. Ra4+ Kf3 56. Ra3+ Kg4 57. Rb3 Rh1+ 58. Kf2 Rc1 59. Ra3
Rc2+ 60. Kf1 Rc1+ 61. Kf2 Rh1 62. Rb3 Rh2+ 63. Kf1 Rd2 64. Ra3 Rd4 65. Kf2 Rc4
66. Rb3 Rc2+ 67. Kf1 Ra2 68. Rc3 Kf5 69. Rb3 Ke4 70. Rb4+ Kf5 71. Rb3 Rd2 72.
Ra3 Ke4 73. Rb3 Ra2 74. Rc3 Kd4 75. Rb3 Rc2 76. Rf3 Ke4 77. Rb3 Rd2 78. Ra3 Rc2
79. Rb3 Kf5 80. Ra3 Kg4 81. Rb3 Rc7 82. Ra3 Re7 83. Kf2 Rb7 84. Rc3 Rb2+ 85. Kf1
Kf5 86. Ra3 Ke4 87. Ra4+ Kf5 88. Ra3 Rd2 89. Rb3 Rd4 90. Kf2 Ke4 91. Ra3 Rb4 92.
Rc3 Kd4 93. Ra3 Ke4 94. Rc3 Rd4 95. Ra3 Rd2+ 96. Kf1 Rd3 97. Rxd3 Kxd3 98. Kf2
Ke4 99. Ke2 f3+ 100. Kf2 Kf4 101. Kf1 Kg4 102. Kf2 Kf4 103. Kf1 Ke3 104. Ke1 f2+
105. Kf1 Kf3 1/2-1/2

[Event "Mondiale Lampo FIDE 2019"]
[Site "Mosca"]
[Date "29.12.2019"]
[Round "12.53"]
[White "Popov, Ivan RUS"]
[Black "Turov, Maxim"]
[Result "1/2-1/2"]
[WhiteTitle "GM"]
[BlackTitle "GM"]
[WhiteElo "2636"]
[BlackElo "2574"]
[WhiteFideId "4170350"]
[BlackFideId "4120086"]
[EventDate "2019.12.29"]

1. e4 c6 2. Nf3 d5 3. d3 dxe4 4. dxe4 Qxd1+ 5. Kxd1 Bg4 6. Nd2 Nd7 7. Be2 e6 8.
Ne1 Bxe2+ 9. Kxe2 Bd6 10. Nc4 Bc7 11. Nd3 O-O-O 12. a4 Ne7 13. b3 Nb6 14. Nce5
Rhf8 15. Ba3 Rde8 16. a5 Nd7 17. Nxd7 Kxd7 18. a6 bxa6 19. Bc5 a5 20. Rhd1 Kc8
21. Bxa7 Rd8 22. Bc5 Rfe8 23. g3 f5 24. f3 fxe4 25. fxe4 Ng6 26. Be3 h5 27. Nc5
Rxd1 28. Rxd1 h4 29. gxh4 Nxh4 30. Rg1 Bxh2 31. Rxg7 Be5 32. Ra7 Ng6 33. Ra8+
Bb8 34. Rxa5 Kc7 35. Na6+ Kb7 36. Nxb8 Kxb8 37. Rg5 Ne7 38. Bc5 Nc8 39. Rg7 Rh8
40. Kd3 Rh5 41. b4 e5 42. Bf2 Nd6 43. Bg3 Kc8 44. c4 Rh3 45. c5 Nb5 46. Ke2 Nd4+
47. Kf2 Nc2 48. Bxe5 Nxb4 49. Bd6 Nd3+ 50. Ke2 Nc1+ 51. Kd2 Nb3+ 52. Ke2 Nd4+
53. Kf2 Rf3+ 54. Kg2 Re3 55. e5 Kd8 56. Kf2 Re4 57. Rh7 Ke8 58. Kg3 Kd8 59. Ra7
Ke8 60. Kf2 Re2+ 61. Kf1 Re4 62. Rc7 Kd8 63. Kf2 Re2+ 64. Kg3 Re4 65. Rf7 Ke8
66. Rh7 Kd8 67. Be7+ Ke8 68. Bf6 Kf8 69. Rc7 Ke8 70. Kf2 Re2+ 71. Kg3 Re4 72.
Re7+ Kf8 73. Rd7 Ke8 74. Rh7 Kf8 75. Ra7 Ke8 76. Kf2 Re2+ 77. Kf1 Re4 78. Ra4
Nf3 79. Ra7 Nxe5 80. Re7+ Kf8 81. Kg2 Re2+ 82. Kg3 Re3+ 83. Kf4 Ng6+ 84. Kxe3
Nxe7 85. Ke4 Nd5 86. Ke5 Ke8 87. Ke4 1/2-1/2

[Event "Mondiale Lampo FIDE 2019"]
[Site "Mosca"]
[Date "29.12.2019"]
[Round "12.54"]
[White "Yuffa, Daniil"]
[Black "Yanchenko, Roman"]
[Result "1-0"]
[WhiteTitle "GM"]
[BlackTitle "FM"]
[WhiteElo "2566"]
[BlackElo "2463"]
[WhiteFideId "24131423"]
[BlackFideId "4137329"]
[EventDate "2019.12.29"]

1. d4 d5 2. c4 e6 3. Nf3 Nf6 4. g3 Be7 5. Bg2 O-O 6. O-O Nbd7 7. Qc2 c6 8. Nbd2
h6 9. e4 dxe4 10. Nxe4 Nxe4 11. Qxe4 Nf6 12. Qe2 c5 13. Rd1 Qb6 14. Be3 Bd7 15.
Ne5 cxd4 16. Bxd4 Qc7 17. Rac1 Bc6 18. Nxc6 bxc6 19. Be5 Qb7 20. Qf3 Rac8 21. h4
Qa6 22. a3 Rfd8 23. Rxd8+ Bxd8 24. b4 Qb6 25. c5 Qb5 26. Rd1 Nd5 27. Qg4 Bf6 28.
Bxd5 Bxe5 29. Bxe6 Rf8 30. Bc4 Qa4 31. Rd7 Qxa3 32. Kg2 Qb2 33. Rxf7 Rxf7 34.
Qc8+ Kh7 35. Bxf7 1-0

[Event "Mondiale Lampo FIDE 2019"]
[Site "Mosca"]
[Date "29.12.2019"]
[Round "12.55"]
[White "Pogosyan, Stefan"]
[Black "Hansen, Eric"]
[Result "0-1"]
[WhiteTitle "IM"]
[BlackTitle "GM"]
[WhiteElo "2459"]
[BlackElo "2606"]
[WhiteFideId "34159867"]
[BlackFideId "2606771"]
[EventDate "2019.12.29"]

1. d4 Nf6 2. c4 e6 3. Nf3 d5 4. Nc3 c6 5. e3 Nbd7 6. Qc2 Bd6 7. Bd3 O-O 8. O-O
dxc4 9. Bxc4 Qe7 10. b3 b5 11. Bd3 Bb7 12. Bb2 a6 13. Rac1 c5 14. Ne4 cxd4 15.
Nxd6 Qxd6 16. Nxd4 Rac8 17. Qe2 Ne5 18. Bb1 Neg4 19. g3 Ne5 20. Rfd1 Rxc1 21.
Rxc1 Qd5 22. e4 Nxe4 23. Bxe4 Qxe4 24. Qxe4 Bxe4 25. Re1 Nf3+ 26. Nxf3 Bxf3 27.
Re3 Bd5 28. f4 f6 29. Kf2 Rd8 30. Rc3 Be4 31. Ke2 Rd7 32. Ba3 h5 33. Bb4 Kf7 34.
Ba5 Kg6 35. Rc7 Rd4 36. Bc3 Rd3 37. Bb4 Rd8 38. Be7 Re8 39. Bc5 e5 40. Ke3 exf4+
41. Kxf4 Bb1 42. a3 Bc2 43. b4 Bf5 44. Be7 Ra8 45. h4 Bg4 46. Bc5 Re8 47. Be7
Kf7 48. Bc5+ Kg8 49. Be7 Kf7 50. Bc5+ Kg6 51. Be7 Ra8 52. Bc5 Bh3 53. Be7 Bg2
54. Bc5 Re8 55. Be7 Kh6 56. Kf5 Bh3+ 57. Kf4 Kg6 58. Ra7 Be6 59. Rc7 Bd5 60. Rd7
Bf7 61. Rc7 Ra8 62. Bc5 Rd8 63. Ke3 Bc4 64. Ra7 Rd3+ 65. Kf4 Bd5 66. Be3 Rxa3
67. Rd7 Bg2 68. Re7 Ra4 69. Bc5 a5 70. g4 hxg4 71. Kxg4 axb4 72. h5+ Kh7 73. Rc7
b3+ 74. Kg3 Be4 75. Bf8 b2 76. Rxg7+ Kh8 0-1

[Event "Mondiale Lampo FIDE 2019"]
[Site "Mosca"]
[Date "29.12.2019"]
[Round "12.56"]
[White "Khusnutdinov, Rustam"]
[Black "Khanin, Semen"]
[Result "1-0"]
[WhiteTitle "GM"]
[BlackTitle "IM"]
[WhiteElo "2491"]
[BlackElo "2500"]
[WhiteFideId "13701703"]
[BlackFideId "4111990"]
[EventDate "2019.12.29"]

1. Nc3 Nf6 2. e4 e5 3. Nf3 Nc6 4. Bb5 Nd4 5. Bc4 Nxf3+ 6. gxf3 d6 7. d4 Be7 8.
f4 Bg4 9. f3 exd4 10. Nb5 Be6 11. Bxe6 fxe6 12. Nxd4 Qd7 13. Be3 g6 14. Qd3
O-O-O 15. f5 gxf5 16. exf5 exf5 17. Nxf5 a6 18. O-O-O Rhg8 19. Bd4 Nd5 20. Qe4
Bg5+ 21. Kb1 c6 22. Rhe1 Rdf8 23. Ng3 Rf4 24. Qe2 Rgf8 25. c4 Nc7 26. Be5 Rxf3
27. Bxd6 Rf2 28. Qh5 Qg7 29. Be5 Bf6 30. Ne4 Bxe5 31. Nxf2 Bxb2 32. Qg4+ Qxg4
33. Nxg4 Ba3 34. Rf1 Rg8 35. Ne5 Rg2 36. Rd3 Bb4 37. a3 Bc5 38. Nd7 Be7 39. Re1
Rg7 40. Nb6+ Kb8 41. Rxe7 Rxe7 42. Rd8+ 1-0

[Event "Mondiale Lampo FIDE 2019"]
[Site "Mosca"]
[Date "29.12.2019"]
[Round "12.57"]
[White "Potapov, Pavel"]
[Black "Kezin, Roman"]
[Result "1-0"]
[WhiteTitle "GM"]
[BlackTitle "IM"]
[WhiteElo "2482"]
[BlackElo "2470"]
[WhiteFideId "4169786"]
[BlackFideId "24124621"]
[EventDate "2019.12.29"]

1. e4 c5 2. c3 d5 3. exd5 Nf6 4. Nf3 Nxd5 5. d4 cxd4 6. Qxd4 Nc6 7. Bb5 e6 8.
O-O Bd7 9. Bxc6 Bxc6 10. Ne5 Qb6 11. Qxb6 axb6 12. Nd2 f6 13. Nxc6 bxc6 14. Re1
Kf7 15. Ne4 b5 16. Be3 Ra4 17. Nd2 Be7 18. a3 Rd8 19. Rad1 Nxe3 20. fxe3 Ra7 21.
Nb3 Rad7 22. Rxd7 Rxd7 23. Kf2 f5 24. Ke2 Bg5 25. Nd4 Rd6 26. a4 bxa4 27. Ra1 c5
28. Nf3 Bf6 29. Rxa4 Rb6 30. Ra2 g5 31. Nd2 Kg6 32. Nc4 Rc6 33. Ra7 h5 34. Kd3
g4 35. e4 Bg7 36. Ke3 h4 37. h3 gxh3 38. gxh3 Bh6+ 39. Kf3 Kf6 40. Rh7 Bg5 41.
Ra7 Bc1 42. Rb7 Ra6 43. Rb5 Bg5 44. Rxc5 Ra1 45. exf5 exf5 46. Rc6+ Kg7 47. Nd6
Rf1+ 48. Kg2 Rf4 49. b4 Be7 50. b5 Bxd6 51. Rxd6 Rc4 52. Rc6 Ra4 53. b6 Ra2+ 54.
Kf3 Kf7 55. c4 Ke7 56. c5 Kd7 57. Rc7+ Ke6 58. c6 Kd6 59. Rc8 1-0

[Event "Mondiale Lampo FIDE 2019"]
[Site "Mosca"]
[Date "29.12.2019"]
[Round "12.58"]
[White "Bosiocic, Marin"]
[Black "Santos Ruiz, Miguel"]
[Result "1/2-1/2"]
[WhiteTitle "GM"]
[BlackTitle "GM"]
[WhiteElo "2623"]
[BlackElo "2585"]
[WhiteFideId "14507927"]
[BlackFideId "22291482"]
[EventDate "2019.12.29"]

1. d4 Nf6 2. c4 e6 3. Nf3 d5 4. g3 dxc4 5. Bg2 Bb4+ 6. Bd2 a5 7. a3 Bxd2+ 8.
Nbxd2 b5 9. b3 cxb3 10. Qxb3 c6 11. O-O O-O 12. Rfc1 Bb7 13. Qb2 Nbd7 14. Nb3
Qb6 15. Ne1 a4 16. Nc5 Nxc5 17. dxc5 Qc7 18. Nc2 Rad8 19. Rd1 Rxd1+ 20. Rxd1 Rd8
21. Qc1 Rxd1+ 22. Qxd1 Qe7 23. Nb4 Qxc5 24. Qd8+ Qf8 25. Qc7 c5 26. Nd3 Bxg2 27.
Kxg2 b4 28. axb4 cxb4 29. Qa5 b3 30. Qxa4 Qb8 31. Qa3 h6 32. h3 Qb7+ 33. Kh2 Qb6
34. Qb2 Ne4 35. f3 Nc5 36. Qd4 b2 37. Nxb2 Nd7 38. Qxb6 Nxb6 39. Nd3 g6 40. g4
Kg7 41. h4 Nd5 42. g5 hxg5 43. hxg5 Kf8 44. Kg3 Ke7 45. e4 Nc3 46. Kf4 Na4 47.
Ke5 Nb6 48. Kd4 Nd7 49. Nc5 Nxc5 50. Kxc5 Kd7 51. e5 Kc7 52. f4 Kd7 53. Kb6 Kd8
54. Kc6 Kc8 1/2-1/2

[Event "Mondiale Lampo FIDE 2019"]
[Site "Mosca"]
[Date "29.12.2019"]
[Round "12.59"]
[White "Nozdrachev, Vladislav"]
[Black "Sadhwani, Raunak"]
[Result "1-0"]
[WhiteTitle "IM"]
[BlackTitle "IM"]
[WhiteElo "2494"]
[BlackElo "2507"]
[WhiteFideId "24113441"]
[BlackFideId "35093487"]
[EventDate "2019.12.29"]

1. e4 c5 2. Nf3 d6 3. Bb5+ Nc6 4. O-O Nf6 5. e5 Nd5 6. Re1 Bg4 7. h3 Bh5 8.
Bxc6+ bxc6 9. d3 e6 10. Na3 dxe5 11. Rxe5 Bg6 12. Nc4 Nb6 13. b3 Be7 14. Re1 O-O
15. Nfe5 Bf6 16. Bb2 Nd5 17. Nxc6 Qc7 18. N6e5 Rad8 19. a3 Ne7 20. Qf3 Nf5 21.
Bc3 Rd5 22. Rac1 Nd4 23. Bxd4 cxd4 24. Nxg6 hxg6 25. g3 g5 26. b4 Be7 27. Rb1 g6
28. Kg2 Kg7 29. Re4 Rh8 30. a4 Qd7 31. b5 f5 32. Re5 Bf6 33. Rxd5 exd5 34. Na5
Rxh3 35. Nc6 Rh8 36. Nb4 Rd8 37. Re1 g4 38. Qf4 g5 39. Qd2 f4 40. Nc6 Rf8 41.
Kg1 Rh8 42. Qb4 Qf7 43. Qd6 Qh5 44. Qd7+ Kf8 45. Qd6+ Kf7 46. Qxd5+ Kg7 47. Re6
f3 48. Qd7+ Kf8 49. Rxf6+ Kg8 50. Ne7+ Kg7 51. Nd5+ Kg8 52. Qd8+ Kg7 53. Qe7+ 1-0

[Event "Mondiale Lampo FIDE 2019"]
[Site "Mosca"]
[Date "29.12.2019"]
[Round "12.60"]
[White "Frolyanov, Dmitry"]
[Black "Pigusov, Evgeny"]
[Result "1-0"]
[WhiteTitle "GM"]
[BlackTitle "GM"]
[WhiteElo "2556"]
[BlackElo "2555"]
[WhiteFideId "4151976"]
[BlackFideId "4100514"]
[EventDate "2019.12.29"]

1. e4 c5 2. Nf3 Nc6 3. Nc3 g6 4. d4 cxd4 5. Nxd4 Bg7 6. Be3 Nf6 7. Bc4 O-O 8.
Bb3 a5 9. O-O d6 10. Ndb5 b6 11. a4 Nd7 12. Re1 Nc5 13. Bc4 Bb7 14. Bf1 Na7 15.
Bd4 Nxb5 16. Nxb5 Bxd4 17. Qxd4 Bc6 18. Nc3 Rc8 19. Qe3 Qd7 20. b3 Qe6 21. Rad1
Qf6 22. Nd5 Bxd5 23. exd5 Rc7 24. Rd4 Rfc8 25. h3 h5 26. Bb5 Rd8 27. Qd2 Nd7 28.
Bxd7 Rdxd7 29. c4 Rd8 30. Rde4 Re8 31. Qe3 Rb7 32. h4 Qg7 33. g3 Qf6 34. Kg2 Qg7
35. Rf4 Qb2 36. Qf3 Qg7 37. Re3 Rd7 38. Qe2 Rb7 39. Ref3 Rf8 40. Qe3 Qb2 41. g4
hxg4 42. Rxg4 Qg7 43. h5 Qh6 44. Qxh6 1-0

[Event "Mondiale Lampo FIDE 2019"]
[Site "Mosca"]
[Date "29.12.2019"]
[Round "12.61"]
[White "Riazantsev, Alexander"]
[Black "Yilmaz, Mustafa"]
[Result "1/2-1/2"]
[WhiteTitle "GM"]
[BlackTitle "GM"]
[WhiteElo "2639"]
[BlackElo "2604"]
[WhiteFideId "4125029"]
[BlackFideId "6302718"]
[EventDate "2019.12.29"]

1. d4 Nf6 2. c4 e6 3. Nf3 c5 4. d5 d6 5. Nc3 exd5 6. cxd5 g6 7. e4 Bg7 8. Be2
O-O 9. Be3 b5 10. e5 dxe5 11. Bxc5 Re8 12. Bxb5 e4 13. Nd4 Nxd5 14. Bxe8 Nxc3
15. Bxf7+ Kxf7 16. bxc3 Qd5 17. Qb3 Bb7 18. O-O Nd7 19. Ba3 Nb6 20. Qxd5+ Bxd5
21. Nb5 Bc4 22. Nd6+ Ke6 23. Nxc4 Nxc4 24. Bc5 a5 25. Rfe1 Bxc3 26. Rxe4+ Kd5
27. Rc1 Kxe4 28. Rxc3 Kd5 29. Be3 Rb8 30. h4 Rb1+ 31. Kh2 Rb2 32. a3 Ra2 33.
Rd3+ Kc6 34. Rc3 Kd5 35. Rd3+ Kc6 36. Rc3 Kd5 37. Rd3+ Kc6 1/2-1/2

[Event "Mondiale Lampo FIDE 2019"]
[Site "Mosca"]
[Date "29.12.2019"]
[Round "12.62"]
[White "Dominguez Perez, Leinier"]
[Black "Kazhgaleyev, Murtas"]
[Result "0-1"]
[WhiteTitle "GM"]
[BlackTitle "GM"]
[WhiteElo "2758"]
[BlackElo "2569"]
[WhiteFideId "3503240"]
[BlackFideId "13700316"]
[EventDate "2019.12.29"]

1. e4 e6 2. d4 d5 3. Nc3 Bb4 4. e5 c5 5. dxc5 Ne7 6. Nf3 Nd7 7. Bd3 Nc6 8. O-O
Ncxe5 9. Nxe5 Nxe5 10. Be3 Nd7 11. Nxd5 Bxc5 12. Qg4 Bf8 13. Bd4 Nb8 14. Bb5+
Nc6 15. c4 exd5 16. Rfe1+ Be7 17. Qxg7 Rf8 18. Rad1 Be6 19. Bc3 d4 20. Rxd4 Qc7
21. Rdd1 a6 22. Ba4 Rd8 23. Qxh7 Rxd1 24. Bxd1 Kd8 25. Qe4 Kc8 26. Bg4 Bxg4 27.
Qxg4+ Kb8 28. Qf5 Ka8 29. g3 Bd6 30. Kg2 f6 31. b3 Be5 32. Bxe5 Nxe5 33. Qe4 Nc6
34. h4 f5 35. Qf4 Qxf4 36. gxf4 Rg8+ 37. Kf3 Nd4+ 0-1

[Event "Mondiale Lampo FIDE 2019"]
[Site "Mosca"]
[Date "29.12.2019"]
[Round "12.63"]
[White "Tsoi, Dmitry"]
[Black "Sjugirov, Sanan"]
[Result "1/2-1/2"]
[WhiteTitle "FM"]
[BlackTitle "GM"]
[WhiteElo "2321"]
[BlackElo "2665"]
[WhiteFideId "24194697"]
[BlackFideId "4189302"]
[EventDate "2019.12.29"]

1. f4 d5 2. Nf3 Nf6 3. e3 c5 4. d4 Bf5 5. c3 e6 6. Ne5 Nbd7 7. Bd3 Bxd3 8. Nxd3
Be7 9. O-O O-O 10. Nd2 Rc8 11. Qe2 b5 12. Kh1 Qb6 13. dxc5 Nxc5 14. Nxc5 Bxc5
15. e4 dxe4 16. Nxe4 Nxe4 17. Qxe4 g6 18. b4 Be7 19. Be3 Qc6 20. Qxc6 Rxc6 21.
Bd4 Rc4 22. a4 Bxb4 23. axb5 Bxc3 24. Bxc3 Rxc3 25. Rxa7 Rb8 26. Ra5 Rb3 27. g3
Rb2 28. Kg1 Kg7 29. Rf2 R2xb5 30. Rxb5 Rxb5 31. Kg2 h6 32. h4 h5 33. Ra2 Rb7 34.
Ra5 Kf6 35. Kf3 Rb3+ 36. Kf2 Rd3 37. Rb5 Rd5 38. Rb7 Rd2+ 39. Kf3 Rd3+ 40. Kf2
Ra3 41. Rc7 Ra8 42. Kf3 Re8 43. Ra7 Re7 44. Ra5 Rd7 45. Rb5 Ke7 46. Ra5 Rd3+ 47.
Kf2 Rd5 48. Ra7+ Rd7 49. Ra5 f6 50. Ke3 Rb7 51. Ra6 Kf7 52. Ra5 Rb3+ 53. Kf2 Rb7
54. Ke3 Rc7 55. Rb5 Ke7 56. Rb6 Rc3+ 57. Kf2 Rd3 58. Ra6 Rd5 59. Ra7+ Rd7 60.
Ra6 Kf7 61. Ra5 Re7 62. Kf3 e5 63. fxe5 Rxe5 64. Ra7+ Re7 65. Ra6 Rd7 66. Rb6
Rc7 67. Ra6 Rc3+ 68. Kf2 Rd3 69. Rb6 Rd7 70. Ra6 Re7 71. Rb6 Ra7 72. Rc6 Kg7 73.
Rb6 Re7 74. Kf3 Kf7 75. Ra6 Rd7 76. Rb6 Re7 77. Ra6 1/2-1/2

[Event "Mondiale Lampo FIDE 2019"]
[Site "Mosca"]
[Date "29.12.2019"]
[Round "12.64"]
[White "Vallejo Pons, Francisco"]
[Black "Dragnev, Valentin"]
[Result "1-0"]
[WhiteTitle "GM"]
[BlackTitle "GM"]
[WhiteElo "2704"]
[BlackElo "2553"]
[WhiteFideId "2205530"]
[BlackFideId "1634852"]
[EventDate "2019.12.29"]

1. e4 e5 2. Nf3 Nc6 3. Bb5 a6 4. Ba4 Nf6 5. d3 b5 6. Bb3 Bc5 7. Nc3 d6 8. Nd5 h6
9. c3 Rb8 10. h3 Be6 11. O-O O-O 12. d4 exd4 13. cxd4 Bb6 14. Nxf6+ Qxf6 15. d5
Bd7 16. dxc6 Bxc6 17. Qc2 Bb7 18. Be3 c5 19. Bd5 Bc8 20. Nh2 Bd7 21. Rad1 Rfe8
22. b3 a5 23. Rfe1 Qg6 24. Kh1 Re7 25. f4 Rbe8 26. Qf2 Qf6 27. Ng4 Bxg4 28. hxg4
a4 29. Kg1 a3 30. g5 hxg5 31. fxg5 Qxf2+ 32. Kxf2 b4 33. g6 1-0

[Event "Mondiale Lampo FIDE 2019"]
[Site "Mosca"]
[Date "29.12.2019"]
[Round "12.66"]
[White "Xu, Xiangyu"]
[Black "Guseinov, Gadir"]
[Result "1/2-1/2"]
[WhiteTitle "GM"]
[BlackTitle "GM"]
[WhiteElo "2582"]
[BlackElo "2666"]
[WhiteFideId "8608288"]
[BlackFideId "13401378"]
[EventDate "2019.12.29"]

1. e4 c5 2. Nc3 g6 3. Nge2 Bg7 4. h4 h5 5. d3 Nc6 6. Be3 d6 7. g3 Nf6 8. Bg2 Ng4
9. Bg5 Rb8 10. Qd2 Nd4 11. Nxd4 cxd4 12. Ne2 f6 13. Bf4 e5 14. f3 exf4 15. fxg4
fxg3 16. gxh5 Rxh5 17. Nxg3 Bh6 18. Qb4 Qa5 19. Qxa5 Rxa5 20. h5 gxh5 21. Rxh5
Rxh5 22. Nxh5 Ke7 23. Bf3 Be6 24. c3 dxc3 25. bxc3 Rc8 26. c4 b5 27. Rb1 a6 28.
cxb5 axb5 29. Rxb5 Rc1+ 30. Kf2 Bg5 31. a4 Bh4+ 32. Ke3 Re1+ 33. Kd2 Ra1 34. Ng7
Bd7 35. Nf5+ Bxf5 36. exf5 Rxa4 37. Rb7+ Kd8 38. Bd5 Kc8 39. Rf7 Ra5 40. Be6+
Kb8 41. Rd7 Bg3 42. d4 Ra3 43. Rf7 Bf4+ 44. Kc2 Bg5 45. Rd7 Bf4 46. Rf7 Bg5 47.
Rd7 1/2-1/2

[Event "Mondiale Lampo FIDE 2019"]
[Site "Mosca"]
[Date "29.12.2019"]
[Round "12.67"]
[White "Suleymanli, Aydin"]
[Black "Jumabayev, Rinat"]
[Result "0-1"]
[WhiteTitle "IM"]
[BlackTitle "GM"]
[WhiteElo "2473"]
[BlackElo "2646"]
[WhiteFideId "13413937"]
[BlackFideId "13702661"]
[EventDate "2019.12.29"]

1. d4 e6 2. Nf3 c5 3. c3 Nf6 4. Bf4 b6 5. e3 Bb7 6. Nbd2 Be7 7. Bd3 Nh5 8. Bg3
h6 9. Ne5 Nxg3 10. hxg3 Nc6 11. Ndc4 Nxe5 12. Nxe5 Bf6 13. Ng4 Bxg2 14. Rh2 Bc6
15. f4 d6 16. Qe2 Rc8 17. e4 cxd4 18. cxd4 Bxd4 19. Rd1 b5 20. b4 h5 21. Bxb5
Qb6 22. Bxc6+ Rxc6 23. Kf1 Qxb4 24. Qd3 Qc4 25. Qxc4 Rxc4 26. Rb1 Kd7 27. Rb7+
Rc7 28. Rxc7+ Kxc7 29. Nf2 Bxf2 30. Kxf2 g6 31. g4 Rb8 32. Kg3 hxg4 33. Kxg4 Kd7
34. Rc2 Rb4 35. Kf3 f5 36. exf5 gxf5 37. Re2 Ra4 38. Kg3 Ke7 39. Rb2 Kf6 40. Rd2
d5 41. Rb2 Ra3+ 42. Kf2 a5 43. Rc2 a4 44. Kg2 Re3 45. Kf2 Rh3 46. Kg2 Rd3 47.
Kf2 a3 48. Kg2 d4 49. Kf2 Rc3 50. Rd2 e5 0-1

[Event "Mondiale Lampo FIDE 2019"]
[Site "Mosca"]
[Date "29.12.2019"]
[Round "12.68"]
[White "Guliyev, Namig"]
[Black "Drygalov, Sergey"]
[Result "0-1"]
[WhiteTitle "GM"]
[BlackTitle "IM"]
[WhiteElo "2548"]
[BlackElo "2473"]
[WhiteFideId "13400363"]
[BlackFideId "24171743"]
[EventDate "2019.12.29"]

1. e4 c5 2. Nf3 d6 3. Bb5+ Nd7 4. d4 cxd4 5. Qxd4 a6 6. Bxd7+ Bxd7 7. c4 e5 8.
Qd3 b5 9. Nc3 bxc4 10. Qxc4 Be6 11. Qd3 Nf6 12. O-O Be7 13. Bg5 O-O 14. Bxf6
Bxf6 15. Rfd1 Qb6 16. b3 Rfd8 17. Nd5 Bxd5 18. Qxd5 Rac8 19. Rac1 Rc5 20. Qd2 h6
21. g3 a5 22. h4 Qc6 23. Qe1 a4 24. b4 Rc2 25. Rxc2 Qxc2 26. Rd2 Qc4 27. a3 d5
28. exd5 Rxd5 29. Qd1 Rxd2 30. Nxd2 Qd3 31. Qc1 e4 32. Nf1 g6 33. Ne3 h5 34. Kg2
Bd4 35. Nd1 Qe2 36. Ne3 Qd3 37. Nf1 Qf3+ 38. Kh3 Qh1+ 0-1

[Event "Mondiale Lampo FIDE 2019"]
[Site "Mosca"]
[Date "29.12.2019"]
[Round "12.69"]
[White "Castellanos Rodriguez, Renier"]
[Black "Geller, Jakov"]
[Result "1-0"]
[WhiteTitle "IM"]
[BlackTitle "GM"]
[WhiteElo "2474"]
[BlackElo "2521"]
[WhiteFideId "3404650"]
[BlackFideId "4151984"]
[EventDate "2019.12.29"]

1. e4 c5 2. Nf3 e6 3. d4 cxd4 4. Nxd4 Nf6 5. Nc3 d6 6. Be3 a6 7. Be2 Be7 8. Qd2
b5 9. f3 Bb7 10. g4 Nfd7 11. g5 Nb6 12. a4 b4 13. Na2 d5 14. Nxb4 dxe4 15. f4
Qc7 16. b3 N8d7 17. c4 Nc5 18. a5 Nbd7 19. h4 Rd8 20. Qc3 Nd3+ 21. Nxd3 exd3 22.
Bf3 e5 23. fxe5 Qxe5 24. Kd2 Bxf3 25. Nxf3 Qe4 26. Rhf1 Rb8 27. Qxd3 Qxd3+ 28.
Kxd3 Rxb3+ 29. Ke4 O-O 30. Rab1 Rfb8 31. Rxb3 Rxb3 32. Rd1 Nf8 33. Bb6 h6 34.
gxh6 gxh6 35. Nd4 Rb2 36. Nf5 Ba3 37. Rg1+ Kh8 38. Bd4+ Kh7 39. Rg7+ Kh8 40.
Rxf7+ Kg8 41. Nxh6# 1-0

[Event "Mondiale Lampo FIDE 2019"]
[Site "Mosca"]
[Date "29.12.2019"]
[Round "12.70"]
[White "Baron, Tal"]
[Black "Carlsson, Pontus"]
[Result "1-0"]
[WhiteTitle "GM"]
[BlackTitle "GM"]
[WhiteElo "2541"]
[BlackElo "2456"]
[WhiteFideId "2809958"]
[BlackFideId "1705814"]
[EventDate "2019.12.29"]

1. Nf3 Nf6 2. d4 e6 3. Bf4 c5 4. e3 Be7 5. Nbd2 O-O 6. Bd3 b6 7. O-O Ba6 8. c4
Nc6 9. Rc1 Rc8 10. Re1 d5 11. cxd5 Bxd3 12. dxc6 Bb5 13. c7 Qe8 14. dxc5 bxc5
15. Nb3 Nd5 16. Bg3 c4 17. Nbd4 Nxc7 18. Qe2 a6 19. Ne5 c3 20. Nxb5 Nxb5 21.
bxc3 Nxc3 22. Qxa6 Ra8 23. Qb7 Rb8 24. Qa7 Ra8 25. Qb7 Rb8 26. Qa7 Ra8 27. Qd7
Nxa2 28. Rc7 Qxd7 29. Nxd7 Rfc8 30. Rb7 Rc1 31. Kf1 Rxe1+ 32. Kxe1 Rd8 33. Ne5
Bb4+ 34. Ke2 Rd2+ 35. Kf3 f6 36. Rb8+ Bf8 37. Nc4 Rd7 38. Bd6 Rf7 39. Nb6 g5 40.
Na4 Kg7 41. Bxf8+ Rxf8 42. Rb7+ Rf7 43. Rb2 Nc1 44. Nc5 e5 45. Rc2 f5 46. Rxc1
e4+ 1-0